00327nam a2200133Ia 4500008004100000100001500041245004700056250001200103260003400115300000800149650001400157942000700171999001500178190216s9999||||xx |||||||||||||| ||und|| aAbdul Aziz 0aPlanning And Economic Development In India a1st Ed. bKerala Bhasha Institutec1982 a630 aEconomics cBK c9757d9757